| 000 | 00611nam a2200253 a 4500 | ||
|---|---|---|---|
| 001 | nice12345678 | ||
| 003 | IN_TiNIC | ||
| 005 | 20260116011410.0 | ||
| 008 | 050524s1887 luca grp 000 0 per | ||
| 020 |
_a _c100 |
||
| 082 | 0 | 0 |
_a891.51 _bNIZ1 |
| 100 | _aNizami Gunjvi, | ||
| 245 | _aSikander Nama Barri | ||
| 260 |
_aLucknow _bNaval Kishore _c1887 |
||
| 300 | _a592p | ||
| 500 | _aincludes index and biblioraphy | ||
| 505 | 2 | _aIndex | |
| 650 | _aPersian Poetry-Hairat Badayuni | ||
| 650 | _aPersian Poetry | ||
| 700 | 1 | _aNizami Gunjvi, | |
| 902 | _bSRS | ||
| 942 | _cBK | ||
| 999 |
_c1183 _d1183 |
||